000 00802nam a22002297a 4500
003 NUST
005 20240626163110.0
008 190705b ||||| |||| 00| 0 eng d
038 _aIESE
040 _c0
082 _a200
100 _aSidra Khalid
_916799
245 _aIsolation of pesticide degrading bacterial consortium and its application for industrial wastewater treatment/
_cSidra Khalid
260 _aIslamabad
_bIESE (SCEE) NUST
_c2018
300 _a129p.
_bH.B
440 _a
_9123824
500 _a
650 _aPhD-Environmental Science
_9123825
700 _4Supervisor:Dr. Imran Hashmi
856 _uhttp://10.250.8.41:8080/xmlui/handle/123456789/34715
942 _2ddc
_cSC
999 _c525854
_d525854